Home book (Record no. 12691)

MARC details
000 -LEADER
fixed length control field 00350nam a2200145Ia 4500
008 - FIXED-LENGTH DATA ELEMENTS--GENERAL INFORMATION
fixed length control field 230312s9999||||xx |||||||||||||| ||und||
020 ## - INTERNATIONAL STANDARD BOOK NUMBER
International Standard Book Number 3-86047-209-3
082 ## - DEWEY DECIMAL CLASSIFICATION NUMBER
Classification number 808.882
Item number MOL-H
100 ## - MAIN ENTRY--PERSONAL NAME
Personal name Mola;francese,zamora
245 #0 - TITLE STATEMENT
Title Home book
260 ## - PUBLICATION, DISTRIBUTION, ETC.
Name of publisher, distributor, etc. Frachman
Place of publication, distribution, etc. USA
Date of publication, distribution, etc. 2014
300 ## - PHYSICAL DESCRIPTION
Extent 472
650 ## - SUBJECT ADDED ENTRY--TOPICAL TERM
Topical term or geographic name entry element Architecture
Form subdivision Architecture
942 ## - ADDED ENTRY ELEMENTS (KOHA)
Koha item type BOOK
Holdings
Withdrawn status Lost status Damaged status Not for loan Home library Current library Date acquired Total Checkouts Full call number Barcode Date last seen Price effective from Koha item type
        Superior Information Resource Center (SIRC) Superior University- Main Campus Superior Information Resource Center (SIRC) Superior University- Main Campus 03/13/2023   808.882 MOL-H 12822 03/13/2023 03/13/2023 BOOK

Powered by Koha